|
|
|
|
| LEADER |
00000nam a22000007a 4500 |
| 005 |
2021010504154.0 |
| 007 |
cr|||| ||| |
| 008 |
210105s2010 br |||||s|||| 00||0 por d |
| 020 |
|
|
|a 978-85-89917-64-3
|
| 035 |
|
|
|a 32503
|
| 040 |
|
|
|a vLex
|
| 090 |
|
|
|c 11060
|d 11060
|
| 100 |
1 |
|
|a Mota de Souza, Carlos Aurľio
|
| 245 |
1 |
0 |
|a Princp̕ios Humanistas Constitucionais
|h [Recurso electrn̤ico] :
|b Reflexe̳s sobre o humanismo do Sčulo XXI /
|c Carlos Aurľio Mota de Souza, Thais Cavalcanti
|
| 256 |
|
|
|a Servicio en ln̕ea
|
| 260 |
|
|
|a San Pablo:
|b Letras Jurídicas Editora,
|c 2010
|
| 300 |
|
|
|a 1 recurso electrn̤ico
|
| 500 |
|
|
|a A proposta desta coletńea acadm̊ica ̌apresentar estudos filosf̤icos e jurd̕icos sobre a relevńcia do humanismo na atualidade, inspirado nas fontes da tradiȯ̂, enfatizadas nos documentos da doutrina social, nas declaraė̳s universais e em suas projeė̳s nos textos jurd̕icos pt̀rios.
|
| 506 |
1 |
|
|a Disponible solo en los productos indicados
|d vLex Global
|d vLex Global (Academic Edition, excluding Law Schools)
|d vLex Global (U.S. Academic Edition, Law Schools)
|d vLex Global (U.S. Academic Edition, excluding Law Schools)
|d vLex Global (Academic Edition, Law Schools)
|
| 650 |
0 |
4 |
|a Derecho Constitucional
|z Brasil
|
| 700 |
1 |
|
|a Cavalcanti, Thais
|
| 740 |
0 |
|
|a vLex Libros (Servicio en ln̕ea)
|
| 856 |
0 |
4 |
|u http://vlex.com/source/principios-humanistas-constitucionais-reflex-es-sobre-o-humanismo-do-seculo-xxi-32503
|z Acceso restringido
|
| 942 |
|
|
|c BOOK
|
| 999 |
0 |
|
|a Constitutional right
|